000 01248nam a2200325Ia 4500
001 ebr10720661
003 CaPaEBR
006 m o u
007 cr cn|||||||||
008 740801s2013 nyu s 000 0 eng d
020 _z9780801468360
020 _z9780801478840
040 _aCaPaEBR
_cCaPaEBR
035 _a(OCoLC)860715211
050 1 4 _aF128.5
_b.E37 2013eb
082 0 4 _a320.974710904
_223
100 1 _aEisenstein, Louis,
_d1915-
245 1 2 _aA stripe of Tammany's tiger
_h[electronic resource] /
_cby Louis Eisenstein and Elliot Rosenberg.
260 _aNew York :
_bFall Creek Books,
_c2013.
300 _axii, 300 p.
533 _aElectronic reproduction.
_bPalo Alto, Calif. :
_cebrary,
_d2013.
_nAvailable via World Wide Web.
_nAccess may be limited to ebrary affiliated libraries.
610 2 0 _aTammany Hall.
650 0 _aPolitics, Practical.
651 0 _aNew York (N.Y.)
_xPolitics and government
_y1898-1951.
651 0 _aNew York (N.Y.)
_xPolitics and government
_y1951-
655 7 _aElectronic books.
_2local
700 1 _aRosenberg, Elliot.
710 2 _aebrary, Inc.
856 4 0 _uhttp://site.ebrary.com/lib/rucke/Doc?id=10720661
_zAn electronic book accessible through the World Wide Web; click to view
999 _c38798
_d38798